000 00199 a2200097 4500
020 _a9780062279163
041 _aeng
100 _aHale,Bruce
245 _aClark the Shark too many treats
942 _cBK
999 _c31874
_d31872